00718nam a2200241 a 4500001001300000003000900013005001700022008004100039020000900080082001700089100002600106245005900132260004100191300000900232500003500241505001000276650002100286700002600307902000800333942000700341952011500348999001300463nice12345678IN_TiNIC20260116011336.0050524s1958 lona grp 000 0 eng  ac2100a296.155bCRO aCross, Frank Moore Jr aAncient Library of Qumran and Modern Biblical Studies. aLondonbGerald Duckworth & Co.c1958 a196p aincludes index and biblioraphy2 aIndex aDead Sea Scrolls1 aCross, Frank Moore Jr bSRS cBK 001040708StackRoom-aHMIbHMId2007-07-27g21.00l0o296.155 CROp02557r2007-07-27v21.00w2005-05-24yBK c673d673